Vplyv environmentálneho označovania produktov na spotrebiteľov

Environmentálne označovanie produktov. Typy environmentálneho označovania - typ I, II, III. Výsledky prieskumu zameraného na vplyv environmentálneho označenia produktov.

Guardado en:
Detalles Bibliográficos
Autor principal: Miklenčičová, Renáta
Formato: Capítulo de libro
Lenguaje:eslovaco
Materias:
Etiquetas: Agregar Etiqueta
Sin Etiquetas, Sea el primero en etiquetar este registro!

MARC

LEADER 00000nla a2200000 4500
001 0230527
005 20240417075119.3
041 0 |a slo 
044 |a SK 
245 1 0 |a Vplyv environmentálneho označovania produktov na spotrebiteľov  |c Renáta Miklenčičová 
520 |a Environmentálne označovanie produktov. Typy environmentálneho označovania - typ I, II, III. Výsledky prieskumu zameraného na vplyv environmentálneho označenia produktov. 
610 2 0 |a certifikácia 
610 2 0 |a produkty environmentálne 
610 2 0 |a označovanie tovarov 
610 2 0 |a ecolabelling 
610 2 0 |a spotrebitelia 
100 1 |a Miklenčičová, Renáta